[Event "GER-ch Net blitz qual4"]
[Site "Playchess.com INT"]
[Date "2021.05.10"]
[Round "2"]
[White "Di Capua, Francesco Stefano"]
[Black "Gombert, Reiner"]
[Result "1-0"]
[WhiteElo "2034"]
[BlackElo "1790"]
[PlyCount "55"]
[EventDate "2021.05.10"]
[EventType "swiss (blitz)"]
[EventRounds "11"]
[EventCountry "GER"]
[SourceTitle "CBM 202 Extra"]
[Source "ChessBase"]
[SourceDate "2021.07.31"]
[SourceVersion "1"]
[SourceVersionDate "2021.07.31"]
[SourceQuality "1"]

1. e4 c5 2. Nf3 Nc6 3. d4 cxd4 4. Nxd4 Nf6 5. Nc3 d6 6. Bg5 e6 7. f4 Be7 8. Qd2 0-0 9. 0-0-0 Nxd4 10. Qxd4 Qa5 11. Kb1 Rd8 12. Bd3 a6 13. h3 Qc7 14. g4 b5 15. Bh4 Bb7 16. g5 Nd7 17. f5 e5 18. Qf2 Nc5 19. f6 Bf8 20. fxg7 Bxg7 21. g6 Rf8 22. gxh7+ Kxh7 23. Rhg1 Bc8 24. Bf6 Bh6 25. Nd5 Qd7 26. Bg7 Bxg7 27. Rxg7+ Kxg7 28. Rg1+ 1-0

[Event "GER-ch Net blitz qual4"]
[Site "Playchess.com INT"]
[Date "2021.05.10"]
[Round "9"]
[White "Zhou, Lepu Coco"]
[Black "Di Capua, Francesco Stefano"]
[Result "1-0"]
[WhiteElo "1822"]
[BlackElo "2034"]
[PlyCount "113"]
[EventDate "2021.05.10"]
[EventType "swiss (blitz)"]
[EventRounds "11"]
[EventCountry "GER"]
[SourceTitle "CBM 202 Extra"]
[Source "ChessBase"]
[SourceDate "2021.07.31"]
[SourceVersion "1"]
[SourceVersionDate "2021.07.31"]
[SourceQuality "1"]

1. e4 e5 2. Nf3 Nc6 3. Bb5 a6 4. Ba4 Nf6 5. 0-0 b5 6. Bb3 Be7 7. c3 0-0 8. d4 exd4 9. cxd4 d5 10. e5 Ne4 11. Re1 Bb4 12. Re2 Bg4 13. Rc2 Qd7 14. a3 Ba5 15. Nc3 Bxc3 16. bxc3 Ne7 17. h3 Bh5 18. Bb2 Ng6 19. g4 Bxg4 20. hxg4 Qxg4+ 21. Kf1 Nf4 22. Ne1 Qh3+ 23. Kg1 f6 24. Qf3 Qxf3 25. Nxf3 fxe5 26. Nxe5 c6 27. Nxc6 Kh8 28. f3 Ng5 29. Ne5 g6 30. Bc1 Kg7 31. Bxf4 Nh3+ 32. Kh2 Nxf4 33. Re1 Rac8 34. Nd7 Nd3 35. Re7+ Kh6 36. Nxf8 Rxf8 37. Bxd5 a5 38. Kg3 Nf4 39. Be4 b4 40. axb4 axb4 41. cxb4 Nh5+ 42. Kf2 Rb8 43. Rcc7 Nf4 44. Kg3 Ne2+ 45. Kg4 Rh8 46. b5 Nxd4 47. b6 Nb5 48. Rxh7+ Rxh7 49. Rxh7+ Kxh7 50. b7 Nd6 51. b8Q Nf7 52. Qc7 Kg7 53. Bd5 Kh6 54. Qxf7 g5 55. Qf6+ Kh7 56. Qxg5 Kh8 57. Qg8# 1-0

[Event "GER-ch Net blitz qual4"]
[Site "Playchess.com INT"]
[Date "2020.03.23"]
[Round "5"]
[White "Singh, Marcel"]
[Black "Di Capua, Francesco Stefano"]
[Result "1-0"]
[WhiteElo "1926"]
[BlackElo "1956"]
[PlyCount "33"]
[EventDate "2020.03.23"]
[EventType "swiss (blitz)"]
[EventRounds "9"]
[EventCountry "GER"]
[SourceTitle "CBM 195 Extra"]
[Source "ChessBase"]
[SourceDate "2020.05.31"]
[SourceVersion "1"]
[SourceVersionDate "2020.05.31"]
[SourceQuality "1"]

1. e4 e5 2. Nc3 Nc6 3. Bc4 Nf6 4. d3 Bc5 5. f4 d6 6. Nf3 Bg4 7. h3 Bxf3 8. Qxf3 Nd4 9. Qg3 Nxc2+ 10. Kd1 Nxa1 11. Qxg7 Rf8 12. fxe5 dxe5 13. Bg5 Be7 14. Rf1 Nh5 15. Bxf7+ Kd7 16. Qxe5 Bxg5 17. Qe6# 1-0

[Event "GER-ch Net blitz qual2"]
[Site "Playchess.com INT"]
[Date "2020.03.16"]
[Round "3"]
[White "Di Capua, Francesco Stefano"]
[Black "Gutheil, Heinrich"]
[Result "1-0"]
[WhiteElo "1956"]
[BlackElo "2040"]
[PlyCount "169"]
[EventDate "2020.03.16"]
[EventType "swiss (blitz)"]
[EventRounds "9"]
[EventCountry "GER"]
[SourceTitle "CBM 195 Extra"]
[Source "ChessBase"]
[SourceDate "2020.05.31"]
[SourceVersion "1"]
[SourceVersionDate "2020.05.31"]
[SourceQuality "1"]

1. e4 g6 2. d4 Bg7 3. Nf3 c6 4. Nc3 d5 5. Be3 Bg4 6. h3 Bxf3 7. gxf3 e6 8. Qd2 h5 9. 0-0-0 Nd7 10. Rg1 Qa5 11. Bg5 Bh6 12. Kb1 Bxg5 13. Qxg5 a6 14. f4 Qd8 15. f5 Qxg5 16. Rxg5 gxf5 17. exf5 Ne7 18. fxe6 fxe6 19. Re1 Kf7 20. Be2 Nf6 21. Na4 Ne4 22. Rxh5 Rxh5 23. Bxh5+ Kf6 24. Bg4 Nf5 25. f3 Nd2+ 26. Kc1 Nc4 27. Nc5 Nce3 28. Nxe6 Kxe6 29. Rxe3+ Kf6 30. Bxf5 Kxf5 31. Re7 Rh8 32. Rf7+ Kg5 33. Rxb7 Rxh3 34. Rb6 Kf4 35. Rxc6 Ke3 36. Rc3+ Kxd4 37. Rd3+ Kc4 38. b3+ Kc5 39. Kb2 Rh2 40. Rc3+ Kd4 41. Rc6 a5 42. Ra6 Rf2 43. Rxa5 Rxf3 44. Ra4+ Kc5 45. Rh4 Rf5 46. a4 d4 47. Rh3 Kb4 48. c3+ dxc3+ 49. Rxc3 Rf2+ 50. Rc2 Rf3 51. Rc4+ Ka5 52. Ka3 Rh3 53. Rc5+ Kb6 54. Rc4 Rh1 55. Kb4 Rb1 56. a5+ Ka6 57. Rc6+ Kb7 58. Rb6+ Ka7 59. Kc5 Rc1+ 60. Kb5 Rb1 61. b4 Rh1 62. Rc6 Rh7 63. Ka4 Rh4 64. Kb5 Rh7 65. Rc4 Rb7+ 66. Ka4 Rh7 67. Rd4 Rg7 68. Rd5 Rh7 69. Kb5 Rb7+ 70. Kc4 Rc7+ 71. Rc5 Rh7 72. Kb3 Rh3+ 73. Ka4 Rh4 74. Rg5 Rh7 75. Rg4 Rb7 76. b5 Rh7 77. Kb4 Rf7 78. Rc4 Rh7 79. a6 Rf7 80. Ka5 Rf1 81. b6+ Kb8 82. a7+ Kb7 83. Rc7+ Ka8 84. Rc8+ Kb7 85. a8Q# 1-0

[Event "GER-ch Net blitz qual2"]
[Site "Playchess.com INT"]
[Date "2020.03.16"]
[Round "5"]
[White "Svane, Rasmus"]
[Black "Di Capua, Francesco Stefano"]
[Result "1-0"]
[WhiteElo "2613"]
[BlackElo "1956"]
[PlyCount "95"]
[EventDate "2020.03.16"]
[EventType "swiss (blitz)"]
[EventRounds "9"]
[EventCountry "GER"]
[SourceTitle "CBM 195 Extra"]
[Source "ChessBase"]
[SourceDate "2020.05.31"]
[SourceVersion "1"]
[SourceVersionDate "2020.05.31"]
[SourceQuality "1"]

1. Nf3 Nf6 2. g3 Nc6 3. d4 d5 4. Bg2 g6 5. 0-0 Bg7 6. c4 0-0 7. cxd5 Nxd5 8. e4 Nb6 9. d5 Ne5 10. Nxe5 Bxe5 11. Nc3 Bg7 12. Bf4 e6 13. Qb3 exd5 14. exd5 Bf5 15. Nb5 Qd7 16. Nxc7 Rac8 17. d6 Bh3 18. Rac1 Bxg2 19. Kxg2 Qf5 20. Rfe1 h5 21. h4 Bf6 22. Qc2 Qa5 23. b3 Nd5 24. Qe4 Nxc7 25. dxc7 Qxa2 26. Bd6 Qxb3 27. Bxf8 Kxf8 28. Qf4 Qb6 29. Red1 Be7 30. Rd7 Qf6 31. Qxf6 Bxf6 32. Kf3 Kg7 33. Ke4 b6 34. Kd5 a5 35. Kc6 Bb2 36. Rc2 Be5 37. Kb7 Rxc7+ 38. Rcxc7 Bxc7 39. Rxc7 b5 40. Ka6 a4 41. Kxb5 a3 42. Ra7 Kf6 43. Rxa3 Kf5 44. Rf3+ Ke6 45. Kc4 f6 46. Kd4 g5 47. Ke4 gxh4 48. gxh4 1-0

[Event "GER-chT U20"]
[Site "Osnabrueck"]
[Date "2013.12.28"]
[Round "4.2"]
[White "Wenninger, Philipp"]
[Black "Di Capua, Francesco Stefano"]
[Result "1-0"]
[WhiteElo "2222"]
[BlackElo "1910"]
[PlyCount "75"]
[EventDate "2013.12.27"]
[EventType "team-swiss"]
[EventRounds "7"]
[EventCountry "GER"]
[SourceTitle "EXT 2015"]
[Source "ChessBase"]
[SourceDate "2014.11.20"]
[SourceVersion "1"]
[SourceVersionDate "2014.11.20"]
[SourceQuality "1"]
[WhiteTeam "Erlangen"]
[BlackTeam "Gernsheim"]
[WhiteTeamCountry "GER"]
[BlackTeamCountry "GER"]

1. d4 d5 2. Nf3 Nf6 3. g3 e6 4. c4 dxc4 5. Bg2 c5 6. 0-0 Nc6 7. Qa4 Bd7 8. Qxc4 cxd4 9. Nxd4 Qb6 10. Nxc6 Bxc6 11. Be3 Qc7 12. Nc3 a6 13. Rac1 Bd6 14. Bxc6+ Qxc6 15. Qxc6+ bxc6 16. Rfd1 Nd5 17. Ne4 Be5 18. Bd4 Bxd4 19. Rxd4 Rb8 20. Rxc6 0-0 21. Rd2 Nb4 22. Rcd6 Nxa2 23. Rxa6 Nb4 24. Ra7 Nd5 25. Nc5 Nf6 26. Rb7 Rbc8 27. Nd7 Nxd7 28. Rdxd7 Rc2 29. Kf1 h5 30. b4 h4 31. gxh4 Rb2 32. b5 Ra8 33. Rxf7 Rxb5 34. Rxg7+ Kh8 35. Rh7+ Kg8 36. Rxb5 Kxh7 37. Rg5 Ra4 38. h5 1-0

[Event "GER-chT U20"]
[Site "Osnabrueck"]
[Date "2011.12.28"]
[Round "3.1"]
[White "Di Capua, Francesco Stefano"]
[Black "Borgmeyer, Max"]
[Result "1/2-1/2"]
[WhiteElo "1715"]
[BlackElo "2111"]
[PlyCount "87"]
[EventDate "2011.12.27"]
[EventType "team-swiss"]
[EventRounds "7"]
[EventCountry "GER"]
[SourceTitle "CBM 146 Extra"]
[Source "ChessBase"]
[SourceDate "2012.02.29"]
[SourceVersion "1"]
[SourceVersionDate "2012.02.29"]
[SourceQuality "1"]
[WhiteTeam "Gernsheim"]
[BlackTeam "Hamburg Koenigsspringer"]
[WhiteTeamCountry "GER"]
[BlackTeamCountry "GER"]

1. e4 c5 2. Nf3 d6 3. d4 cxd4 4. Nxd4 Nf6 5. Nc3 a6 6. Be3 e5 7. Nb3 Be6 8. Qd2 Nbd7 9. 0-0-0 b5 10. Kb1 b4 11. Nd5 Nxe4 12. Qxb4 Bxd5 13. Rxd5 Nef6 14. Rd1 d5 15. Qh4 Be7 16. Qg3 d4 17. Bxd4 exd4 18. Nxd4 Qb6 19. Bc4 g6 20. Rhe1 Kf8 21. Qe3 Bc5 22. Qh6+ Kg8 23. Nf5 Bf8 24. Ne7+ Bxe7 25. Rxe7 Rf8 26. Rdxd7 Nxd7 27. Rxd7 Qb4 28. b3 Qe1+ 29. Kb2 Qxf2 30. a4 Qf6+ 31. Kb1 Qg7 32. Qf4 h5 33. h4 Rh7 34. Bxf7+ Kh8 35. Qd6 Qh6 36. Qe5+ Rg7 37. Kb2 Kh7 38. Qf6 g5 39. Qxh6+ Kxh6 40. hxg5+ Rxg5 41. Bd5 a5 42. Be4 Re5 43. Bf3 Kg5 44. c3 1/2-1/2